[Event "Belgrade-chT"]
[Site "Belgrade"]
[Date "2017.10.01"]
[Round "1.3"]
[White "Nonkovic, Bogdana"]
[Black "Vlatkovic, Milorad"]
[Result "1-0"]
[WhiteElo "2062"]
[BlackElo "2037"]
[PlyCount "85"]
[EventDate "2017.10.01"]
[EventType "team-tourn"]
[EventRounds "11"]
[EventCountry "SRB"]
[SourceTitle "CBM 181 Extra"]
[Source "ChessBase"]
[SourceDate "2017.12.12"]
[SourceVersion "1"]
[SourceVersionDate "2017.12.12"]
[SourceQuality "1"]
[WhiteTeam "Belgrade CC"]
[BlackTeam "Dunavski Venac"]
[WhiteTeamCountry "SRB"]
[BlackTeamCountry "SRB"]

1. Nf3 d5 2. d4 Nf6 3. c4 e6 4. g3 g6 5. Bg2 Bg7 6. 0-0 0-0 7. Qc2 c6 8. b3 a5 9. Rd1 Na6 10. a3 b6 11. Nc3 Bb7 12. e4 dxe4 13. Nxe4 Nxe4 14. Qxe4 Rc8 15. Bb2 Qc7 16. Ne5 Ba8 17. Qe2 Nb8 18. c5 bxc5 19. dxc5 Rfd8 20. Nc4 Rxd1+ 21. Rxd1 Rd8 22. Bxg7 Kxg7 23. Rd6 Rxd6 24. cxd6 Qd8 25. Qe5+ Kg8 26. Qxa5 Qxa5 27. Nxa5 Kf8 28. b4 Ke8 29. b5 Kd7 30. b6 Kc8 31. f4 Nd7 32. Nc4 Kb7 33. Ne5 Nxe5 34. fxe5 Kxb6 35. Kf2 Bb7 36. Ke3 Bc8 37. Kd4 Bd7 38. Kc4 c5 39. Be4 Bb5+ 40. Kc3 Ba6 41. a4 Bc8 42. Bd3 Bb7 43. Bb5 1-0

[Event "Belgrade-chT"]
[Site "Belgrade"]
[Date "2014.11.02"]
[Round "10"]
[White "Nonkovic, Bogdana"]
[Black "Budimir, Dragan"]
[Result "0-1"]
[WhiteElo "2061"]
[BlackElo "2133"]
[PlyCount "140"]
[EventDate "2014.10.04"]
[EventType "team-tourn"]
[EventRounds "13"]
[EventCountry "SRB"]
[SourceTitle "EXT 2015"]
[Source "ChessBase"]
[SourceDate "2014.11.20"]
[SourceVersion "1"]
[SourceVersionDate "2014.11.20"]
[SourceQuality "1"]

1. Nf3 Nf6 2. c4 g6 3. g3 Bg7 4. Bg2 0-0 5. 0-0 c5 6. d4 cxd4 7. Nxd4 Nc6 8. c5 Ng4 9. Nb3 a5 10. a4 Ra6 11. Na3 Nb4 12. Nc4 Ne5 13. Nxe5 Bxe5 14. Bh6 Re8 15. Qd2 b6 16. Rac1 bxc5 17. Rxc5 d6 18. Rd1 Bh8 19. Rcc1 Bd7 20. Ra1 Qb8 21. Rdc1 Bc6 22. Nd4 Bxg2 23. Kxg2 Qb7+ 24. Kg1 Qd5 25. Be3 Raa8 26. Rc7 Na6 27. Rc2 Nb4 28. Rc7 Na6 29. Rc2 Rec8 30. Rac1 Rxc2 31. Rxc2 Nc5 32. b4 Ne4 33. Qd3 axb4 34. Nb3 Qxd3 35. exd3 Nc3 36. a5 Bf6 37. Kg2 Kg7 38. Kf3 h5 39. Bd2 Ra6 40. d4 Nd5 41. Rc4 e6 42. Bxb4 Bd8 43. Bd2 Ne7 44. Ke2 Kf6 45. Kd3 Kf5 46. f3 g5 47. h3 g4 48. fxg4+ hxg4 49. h4 Nc6 50. Ra4 d5 51. Ra1 Kg6 52. Ra4 Bc7 53. Be1 Kf5 54. Ke3 f6 55. Ra2 Kg6 56. Ra4 Bd6 57. Kd3 e5 58. dxe5 Nxe5+ 59. Ke2 Nc4 60. Nd2 Ne5 61. Nb1 f5 62. Nc3 Nf3 63. Bf2 d4 64. Nb5 Bc5 65. Kd3 Ne5+ 66. Kd2 Rxa5 67. Rxa5 Bb4+ 68. Ke2 d3+ 69. Kd1 Bxa5 70. Nd4 Nc4 0-1

[Event "Belgrade-chT"]
[Site "Belgrade"]
[Date "2014.10.26"]
[Round "8"]
[White "Jakovljevic, Zivota"]
[Black "Nonkovic, Bogdana"]
[Result "0-1"]
[WhiteElo "2068"]
[BlackElo "2061"]
[PlyCount "110"]
[EventDate "2014.10.04"]
[EventType "team-tourn"]
[EventRounds "13"]
[EventCountry "SRB"]
[SourceTitle "EXT 2015"]
[Source "ChessBase"]
[SourceDate "2014.11.20"]
[SourceVersion "1"]
[SourceVersionDate "2014.11.20"]
[SourceQuality "1"]

1. d4 d5 2. c4 e6 3. Nc3 Nf6 4. Bg5 Be7 5. e3 0-0 6. Nf3 c5 7. cxd5 cxd4 8. Nxd4 Nxd5 9. Bxe7 Nxe7 10. Be2 Qb6 11. Qb3 Qxb3 12. Nxb3 Nbc6 13. 0-0 b6 14. Bf3 Ba6 15. Bxc6 Nxc6 16. Rfd1 Rfd8 17. f3 Ne5 18. Rxd8+ Rxd8 19. Rd1 Rxd1+ 20. Nxd1 Nd3 21. Nd2 Kf8 22. b3 Ke7 23. a3 f6 24. Nf2 Ne1 25. Nd1 Nc2 26. a4 f5 27. e4 Kd6 28. exf5 exf5 29. Kf2 Kc5 30. Ne3 Nd4 31. f4 Bc8 32. Nd1 Be6 33. Nb2 Nxb3 34. Nf3 Kb4 35. Ke3 Ka3 36. Nd1 Kxa4 37. Kd3 Kb4 38. Ne5 Bd5 39. Kc2 Nc5 40. Ne3 Be4+ 41. Kb2 Na4+ 42. Kc1 Nc3 43. Nc2+ Kb3 44. Nd4+ Ka4 45. g3 b5 46. Kb2 Nd1+ 47. Kc1 Ne3 48. Ne6 b4 49. Kb2 a5 50. Nxg7 b3 51. Kc1 Ka3 52. Kd2 b2 53. Kxe3 b1Q 54. Nc4+ Kb4 55. Ne5 Qe1+ 0-1

[Event "SRB-chT (Women)"]
[Site "Palic"]
[Date "2014.09.07"]
[Round "9.4"]
[White "Zarkovic, Mila"]
[Black "Nonkovic, Bogdana"]
[Result "1-0"]
[WhiteElo "2124"]
[BlackElo "2074"]
[PlyCount "105"]
[EventDate "2014.08.30"]
[EventType "team-tourn"]
[EventRounds "11"]
[EventCountry "SRB"]
[SourceTitle "CBM 162 Extra"]
[Source "ChessBase"]
[SourceDate "2014.10.17"]
[SourceVersion "1"]
[SourceVersionDate "2014.10.17"]
[SourceQuality "1"]
[WhiteTeam "Kac Jugovic (W)"]
[BlackTeam "Kosovska Mitrovica (W)"]
[WhiteTeamCountry "SRB"]
[BlackTeamCountry "SRB"]

1. e4 c5 2. Nf3 Nc6 3. Nc3 Nf6 4. d4 d5 5. exd5 Nxd5 6. Bc4 Nxc3 7. bxc3 e6 8. 0-0 Be7 9. Re1 0-0 10. Ne5 Nxe5 11. Rxe5 cxd4 12. cxd4 Bf6 13. Re4 Qc7 14. Bd3 Rd8 15. Bf4 Qc3 16. Be5 Bxe5 17. dxe5 b6 18. Re3 g6 19. Qf1 Qb2 20. Rb1 Qxa2 21. Rb4 Bb7 22. Rh4 Kg7 23. Qc1 Qd5 24. Rg3 Qxe5 25. Qh6+ Kf6 26. Rf4+ Ke7 27. h3 Rd7 28. Qh4+ Ke8 29. Re3 Qa1+ 30. Kh2 Qg7 31. Bb5 Bd5 32. c4 g5 33. Qg3 Bb7 34. Rd3 Rad8 35. Rfd4 Bc8 36. Bxd7+ Bxd7 37. Qc7 f5 38. Rxd7 Qxd7 39. Rxd7 Rxd7 40. Qe5 Kf7 41. g4 fxg4 42. hxg4 h6 43. Qh8 Kg6 44. Qe8+ Rf7 45. Qxe6+ Kg7 46. Kg3 Rf6 47. Qe7+ Rf7 48. Qe5+ Rf6 49. f3 Kg6 50. Qb8 Rf7 51. Kf2 Kg7 52. Qe5+ Kg8 53. Ke3 1-0

[Event "Belgrade-chT"]
[Site "Belgrade"]
[Date "2014.05.10"]
[Round "5"]
[White "Nonkovic, Bogdana"]
[Black "Marjanovic, Dragan"]
[Result "1-0"]
[WhiteElo "2075"]
[BlackElo "1818"]
[PlyCount "99"]
[EventDate "2014.05.05"]
[EventType "swiss"]
[EventRounds "5"]
[EventCountry "SRB"]
[SourceTitle "CBM 160 Extra"]
[Source "ChessBase"]
[SourceDate "2014.07.01"]
[SourceVersion "1"]
[SourceVersionDate "2014.07.01"]
[SourceQuality "1"]

1. Nf3 Nf6 2. c4 c5 3. g3 e6 4. Bg2 Nc6 5. 0-0 d6 6. Nc3 Be7 7. b3 0-0 8. Bb2 Ne8 9. d4 Nxd4 10. Nxd4 cxd4 11. Qxd4 f5 12. Rfd1 a6 13. Rac1 Qc7 14. e4 Bd7 15. exf5 Rxf5 16. Qe4 Rb8 17. Nd5 Qd8 18. Nxe7+ Qxe7 19. Bh3 Rf7 20. Qe3 Rd8 21. Ba3 Bc8 22. Rc2 Qf6 23. Rcd2 e5 24. Bxc8 Rxc8 25. Bxd6 Nxd6 26. Rxd6 Qf5 27. Rd8+ Rf8 28. Rxc8 Rxc8 29. Rd5 Re8 30. Kg2 Qf6 31. h3 h6 32. Qe4 Qc6 33. Qe3 b5 34. Qc5 Qg6 35. Rxe5 Rxe5 36. Qxe5 bxc4 37. Qd5+ Kf8 38. Qxc4 Qb6 39. Qc8+ Ke7 40. Qc3 Qb7+ 41. Qf3 Qb4 42. Qe2+ Kf8 43. Qxa6 Qe4+ 44. Kh2 Qc2 45. Qa7 Qb2 46. Kg2 g5 47. Qa8+ Kg7 48. Qb7+ Kg6 49. a4 h5 50. Qe4+ 1-0

[Event "SRB-ch U20 Girls"]
[Site "Donji Milanovac"]
[Date "2013.08.21"]
[Round "9"]
[White "Nonkovic, Bogdana"]
[Black "Rakic, Teodora"]
[Result "1/2-1/2"]
[WhiteElo "2078"]
[BlackElo "1877"]
[PlyCount "32"]
[EventDate "2013.08.15"]
[EventType "tourn"]
[EventRounds "9"]
[EventCountry "SRB"]
[SourceTitle "CBM 156 Extra"]
[Source "ChessBase"]
[SourceDate "2013.10.22"]
[SourceVersion "1"]
[SourceVersionDate "2013.10.22"]
[SourceQuality "1"]

1. Nf3 Nf6 2. c4 g6 3. g3 Bg7 4. Bg2 0-0 5. 0-0 d6 6. d4 Nbd7 7. Nc3 c5 8. b3 Rb8 9. Bb2 b6 10. e4 Bb7 11. Re1 cxd4 12. Nxd4 a6 13. Nd5 Nc5 14. Qd2 e6 15. Nxf6+ Bxf6 16. Rad1 Qe7 1/2-1/2

[Event "SRB-ch U20 Girls"]
[Site "Donji Milanovac"]
[Date "2013.08.20"]
[Round "8"]
[White "Petrovic, Danijela"]
[Black "Nonkovic, Bogdana"]
[Result "0-1"]
[WhiteElo "1923"]
[BlackElo "2078"]
[PlyCount "74"]
[EventDate "2013.08.15"]
[EventType "tourn"]
[EventRounds "9"]
[EventCountry "SRB"]
[SourceTitle "CBM 156 Extra"]
[Source "ChessBase"]
[SourceDate "2013.10.22"]
[SourceVersion "1"]
[SourceVersionDate "2013.10.22"]
[SourceQuality "1"]

1. e4 d6 2. d4 Nf6 3. Nc3 e5 4. Nf3 Nbd7 5. Bc4 Be7 6. Bxf7+ Kxf7 7. Ng5+ Kg8 8. Ne6 Qe8 9. Nxc7 Qg6 10. Qe2 Rb8 11. dxe5 dxe5 12. f4 h6 13. f5 Qg4 14. Qc4+ Kh7 15. 0-0 Nb6 16. Qb5 Bd6 17. N7d5 Nbxd5 18. Nxd5 Qxe4 19. Nxf6+ gxf6 20. Qb3 Rg8 21. Qh3 Bf8 22. Be3 b6 23. Rf3 Bb7 24. Raf1 Qg4 25. Rg3 Qxh3 26. gxh3 Rxg3+ 27. hxg3 Be4 28. c3 Bc5 29. Bxc5 bxc5 30. Rf2 c4 31. g4 Rd8 32. Kh2 h5 33. Kg3 Kh6 34. Kh4 hxg4 35. hxg4 Rd1 36. b3 Rh1+ 37. Kg3 Kg5 0-1

[Event "EU-ch (Women) 14th"]
[Site "Belgrade"]
[Date "2013.08.01"]
[Round "9"]
[White "Nonkovic, Bogdana"]
[Black "Olea, Liliana"]
[Result "1-0"]
[WhiteElo "2081"]
[BlackElo "1905"]
[PlyCount "85"]
[EventDate "2013.07.23"]
[EventType "swiss"]
[EventRounds "11"]
[EventCountry "SRB"]
[SourceTitle "CBM 155 Extra"]
[Source "ChessBase"]
[SourceDate "2013.08.26"]
[SourceVersion "1"]
[SourceVersionDate "2013.08.26"]
[SourceQuality "1"]

1. Nf3 d5 2. d4 c6 3. c4 Nf6 4. Qc2 e6 5. g3 Nbd7 6. Bg2 Ne4 7. 0-0 Bd6 8. b3 0-0 9. Ba3 Bxa3 10. Nxa3 Qe7 11. Qb2 b6 12. Rac1 Bb7 13. b4 a6 14. Nb1 a5 15. a3 axb4 16. axb4 Ra4 17. c5 Rfa8 18. Nc3 Nxc3 19. Qxc3 Ra2 20. Ra1 R8a3 21. Qxa3 Rxa3 22. Rxa3 Qd8 23. Rfa1 Qc8 24. e3 h6 25. Bf1 b5 26. Ra5 Nb8 27. Ne5 f6 28. Ng6 Kf7 29. Nf4 g5 30. Nd3 Kg6 31. Ne1 e5 32. Bd3+ e4 33. Bxb5 cxb5 34. Rxb5 Nc6 35. Rb6 Nxb4 36. Rxb4 Ba6 37. Rb2 Bc4 38. Kg2 h5 39. h3 h4 40. g4 f5 41. Rb6+ Kh7 42. Ra7+ Kh8 43. Rab7 1-0

[Event "EU-ch (Women) 14th"]
[Site "Belgrade"]
[Date "2013.07.31"]
[Round "8"]
[White "Isgandarova, Khayala Ilqar Qizi"]
[Black "Nonkovic, Bogdana"]
[Result "1-0"]
[WhiteElo "2219"]
[BlackElo "2081"]
[PlyCount "49"]
[EventDate "2013.07.23"]
[EventType "swiss"]
[EventRounds "11"]
[EventCountry "SRB"]
[SourceTitle "CBM 155 Extra"]
[Source "ChessBase"]
[SourceDate "2013.08.26"]
[SourceVersion "1"]
[SourceVersionDate "2013.08.26"]
[SourceQuality "1"]

1. e4 d6 2. d4 Nf6 3. Nc3 e5 4. Nf3 Nbd7 5. Bc4 Be7 6. 0-0 0-0 7. Re1 c6 8. a4 exd4 9. Nxd4 Ne5 10. Be2 Re8 11. f4 Ng6 12. g3 Bd7 13. Bf3 Qc7 14. a5 Rad8 15. Be3 b5 16. axb6 axb6 17. h4 b5 18. h5 Nf8 19. Nf5 Bxf5 20. exf5 d5 21. Bd4 Ne4 22. Bxe4 dxe4 23. Nxe4 Bc5 24. Nf6+ gxf6 25. Qg4+ 1-0

[Event "EU-ch (Women) 14th"]
[Site "Belgrade"]
[Date "2013.07.27"]
[Round "5"]
[White "Nonkovic, Bogdana"]
[Black "Sandu, Mihaela"]
[Result "0-1"]
[WhiteElo "2081"]
[BlackElo "2237"]
[PlyCount "98"]
[EventDate "2013.07.23"]
[EventType "swiss"]
[EventRounds "11"]
[EventCountry "SRB"]
[SourceTitle "CBM 155 Extra"]
[Source "ChessBase"]
[SourceDate "2013.08.26"]
[SourceVersion "1"]
[SourceVersionDate "2013.08.26"]
[SourceQuality "1"]

1. Nf3 Nf6 2. c4 g6 3. g3 Bg7 4. Bg2 d6 5. d4 0-0 6. 0-0 Nc6 7. d5 Na5 8. Nfd2 c5 9. a3 Nd7 10. Ra2 Ne5 11. b3 a6 12. Bb2 b5 13. cxb5 axb5 14. b4 Nb7 15. Qb3 Qb6 16. Nf3 Bg4 17. Nbd2 Rfc8 18. Nxe5 dxe5 19. Qe3 Qc7 20. Rc1 c4 21. Bc3 Ra4 22. Raa1 Bf5 23. h3 h5 24. Nf3 f6 25. Nh4 Nd6 26. g4 hxg4 27. hxg4 Bxg4 28. Nxg6 Kh7 29. Nxe5 fxe5 30. Be4+ Kg8 31. Kg2 Nxe4 32. Qxe4 Qd7 33. Bxe5 Qf5 34. Qxf5 Bxf5 35. Bxg7 Kxg7 36. Kf3 Kf6 37. e4 Bg6 38. Ke3 e5 39. Ra2 Rca8 40. Rca1 R4a6 41. f3 Ke7 42. Ke2 Rf8 43. a4 Bh5 44. axb5 Rxa2+ 45. Rxa2 Rxf3 46. Ra7+ Kd6 47. Ra6+ Kd7 48. Rh6 Rh3+ 49. Kd2 c3+ 0-1

[Event "EU-ch (Women) 14th"]
[Site "Belgrade"]
[Date "2013.07.24"]
[Round "2"]
[White "Rudovic, Anja"]
[Black "Nonkovic, Bogdana"]
[Result "0-1"]
[WhiteElo "1549"]
[BlackElo "2081"]
[PlyCount "50"]
[EventDate "2013.07.23"]
[EventType "swiss"]
[EventRounds "11"]
[EventCountry "SRB"]
[SourceTitle "CBM 155 Extra"]
[Source "ChessBase"]
[SourceDate "2013.08.26"]
[SourceVersion "1"]
[SourceVersionDate "2013.08.26"]
[SourceQuality "1"]

1. e4 d6 2. d4 Nf6 3. Nc3 e5 4. dxe5 dxe5 5. Qxd8+ Kxd8 6. Bc4 Ke8 7. Nf3 Bd6 8. Bg5 Nbd7 9. 0-0-0 a6 10. Rhe1 h6 11. Bd2 Bc5 12. Re2 c6 13. h3 b5 14. Bb3 a5 15. a3 b4 16. Na4 Ba6 17. Ree1 Bxf2 18. Rh1 Bb5 19. Nh2 c5 20. c4 Bc6 21. Bc2 Nxe4 22. Bxe4 Bxe4 23. Rhf1 Bd4 24. Nf3 Bd3 25. Rh1 Bxc4 0-1

[Event "EU-ch (Women) 14th"]
[Site "Belgrade"]
[Date "2013.07.23"]
[Round "1"]
[White "Nonkovic, Bogdana"]
[Black "Nechaeva, Marina"]
[Result "0-1"]
[WhiteElo "2081"]
[BlackElo "2368"]
[PlyCount "54"]
[EventDate "2013.07.23"]
[EventType "swiss"]
[EventRounds "11"]
[EventCountry "SRB"]
[SourceTitle "CBM 155 Extra"]
[Source "ChessBase"]
[SourceDate "2013.08.26"]
[SourceVersion "1"]
[SourceVersionDate "2013.08.26"]
[SourceQuality "1"]

1. Nf3 d5 2. d4 Nf6 3. c4 c6 4. e3 Bg4 5. h3 Bh5 6. cxd5 cxd5 7. Qa4+ Nc6 8. Ne5 Qb6 9. Nc3 e6 10. a3 Bg6 11. Be2 Bd6 12. Nxc6 bxc6 13. b4 0-0 14. 0-0 a5 15. b5 Rfc8 16. Bd2 h5 17. Rfc1 c5 18. Qb3 c4 19. Qa4 h4 20. Be1 Qd8 21. f4 Nd7 22. Qd1 a4 23. Nxa4 Rcb8 24. b6 Be7 25. Ra2 Nxb6 26. Nxb6 Qxb6 27. a4 Qb3 0-1

[Event "SRB-ch (Women)"]
[Site "Pirot"]
[Date "2013.03.25"]
[Round "3"]
[White "Nonkovic, Bogdana"]
[Black "Eric, Jovana"]
[Result "0-1"]
[WhiteElo "2052"]
[BlackElo "2240"]
[PlyCount "162"]
[EventDate "2013.03.23"]
[EventType "tourn"]
[EventRounds "11"]
[EventCountry "SRB"]
[SourceTitle "CBM 153 Extra"]
[Source "ChessBase"]
[SourceDate "2013.04.22"]
[SourceVersion "1"]
[SourceVersionDate "2013.04.22"]
[SourceQuality "1"]

1. d4 d5 2. c4 c6 3. Nf3 Nf6 4. Nc3 dxc4 5. a4 Bf5 6. Ne5 e6 7. g3 Bb4 8. Bg2 Nbd7 9. Nxc4 Be4 10. 0-0 Bxg2 11. Kxg2 Nb6 12. Ne5 a5 13. Qd3 0-0 14. e4 Qe7 15. Bg5 h6 16. Be3 Rfd8 17. Ne2 Nbd7 18. Nxd7 Rxd7 19. Qc2 Ng4 20. Bf4 c5 21. h3 Nf6 22. Be5 cxd4 23. Bxd4 e5 24. Bc3 Rc8 25. Rfd1 Rdc7 26. Qd3 Rc4 27. f3 Bxc3 28. bxc3 Qe8 29. Qc2 Qc6 30. Rdb1 Nd7 31. Rb5 b6 32. Rab1 h5 33. h4 g6 34. R1b2 Kg7 35. Qd1 Rc5 36. Qd3 Rxb5 37. axb5 Qe6 38. Rd2 Nc5 39. Qd6 a4 40. Qxe6 fxe6 41. Ra2 Rd8 42. Kf2 Rd3 43. Ra3 Kf6 44. Nc1 Rd2+ 45. Ke3 Rb2 46. Nd3 Rxb5 47. Nb4 Ra5 48. c4 Ra8 49. Nc6 Rc8 50. Na7 Rd8 51. Ke2 Rd4 52. Rc3 Nb3 53. Nc8 Rd2+ 54. Ke3 Rb2 55. Nxb6 a3 56. Na4 a2 57. Nxb2 a1Q 58. Rxb3 Qe1+ 59. Kd3 Qxg3 60. Ke2 Qg2+ 61. Kd1 g5 62. hxg5+ Kxg5 63. Ke1 h4 64. Nd1 h3 65. Nf2 h2 66. Rc3 h1Q+ 67. Nxh1 Qxh1+ 68. Kd2 Qg2+ 69. Kc1 Qg1+ 70. Kc2 Qc5 71. Kc1 Kf4 72. Kc2 Kg3 73. Kb3 Kf2 74. Kc2 Ke2 75. Kb3 Kd1 76. Rd3+ Kc1 77. Rc3+ Kb1 78. Rd3 Qb6+ 79. Ka4 Kc2 80. Ra3 Qc5 81. Ra2+ Kc3 0-1

[Event "SRB-ch (Women)"]
[Site "Pirot"]
[Date "2013.03.23"]
[Round "1"]
[White "Nonkovic, Bogdana"]
[Black "Maksimovic, Suzana"]
[Result "1-0"]
[WhiteElo "2052"]
[BlackElo "2201"]
[PlyCount "83"]
[EventDate "2013.03.23"]
[EventType "tourn"]
[EventRounds "11"]
[EventCountry "SRB"]
[SourceTitle "CBM 153 Extra"]
[Source "ChessBase"]
[SourceDate "2013.04.22"]
[SourceVersion "1"]
[SourceVersionDate "2013.04.22"]
[SourceQuality "1"]

1. Nf3 Nf6 2. g3 d5 3. d4 c5 4. Bg2 cxd4 5. 0-0 Nc6 6. Nxd4 Qb6 7. Nxc6 bxc6 8. c4 e6 9. Nc3 Bb4 10. Na4 Qa6 11. c5 Qb5 12. Qc2 Ba6 13. a3 Ba5 14. b4 Bc7 15. Re1 0-0 16. Bb2 e5 17. e3 Ne4 18. Nb6 Ng5 19. Nxa8 Rxa8 20. Qf5 f6 21. Qd7 Qb7 22. h4 Rd8 23. Qf5 Nf7 24. Qe6 Qa8 25. Qg4 Bc8 26. Qe2 e4 27. Rab1 a6 28. a4 Be5 29. Bd4 Nh6 30. Qd2 Re8 31. b5 axb5 32. axb5 cxb5 33. Rxb5 Bc7 34. Rc1 Nf5 35. c6 Be6 36. Bb6 Be5 37. Bh3 g6 38. c7 Qa6 39. Bf1 Qc8 40. Ba5 d4 41. Rb8 dxe3 42. fxe3 1-0

[Event "Belgrade (Women) 45th"]
[Site "Belgrade"]
[Date "2013.03.09"]
[Round "8"]
[White "Nonkovic, Bogdana"]
[Black "Benderac, Ana"]
[Result "1/2-1/2"]
[WhiteElo "2052"]
[BlackElo "2226"]
[PlyCount "34"]
[EventDate "2013.03.03"]
[EventType "tourn"]
[EventRounds "9"]
[EventCountry "SRB"]
[SourceTitle "CBM 153 Extra"]
[Source "ChessBase"]
[SourceDate "2013.04.22"]
[SourceVersion "1"]
[SourceVersionDate "2013.04.22"]
[SourceQuality "1"]

1. d4 d5 2. c4 e6 3. Nf3 Nf6 4. g3 dxc4 5. Bg2 Nc6 6. Qa4 Nd7 7. Qxc4 Nb6 8. Qc2 Bb4+ 9. Nbd2 Nxd4 10. Nxd4 Qxd4 11. Qxc7 Nc4 12. Qf4 Bxd2+ 13. Bxd2 Qxb2 14. Rc1 Qxd2+ 15. Qxd2 Nxd2 16. Kxd2 0-0 17. Rc7 Rd8+ 1/2-1/2

[Event "Belgrade (Women) 45th"]
[Site "Belgrade"]
[Date "2013.03.07"]
[Round "6"]
[White "Nonkovic, Bogdana"]
[Black "Vega Gutierrez, Sabrina Neide"]
[Result "0-1"]
[WhiteElo "2052"]
[BlackElo "2364"]
[PlyCount "82"]
[EventDate "2013.03.03"]
[EventType "tourn"]
[EventRounds "9"]
[EventCountry "SRB"]
[SourceTitle "CBM 153 Extra"]
[Source "ChessBase"]
[SourceDate "2013.04.22"]
[SourceVersion "1"]
[SourceVersionDate "2013.04.22"]
[SourceQuality "1"]

1. d4 Nf6 2. c4 g6 3. Nf3 Bg7 4. g3 0-0 5. Bg2 d6 6. 0-0 Nc6 7. d5 Na5 8. Nbd2 c5 9. a3 b5 10. cxb5 Nxd5 11. Nb3 Nxb3 12. Qxb3 Nc7 13. a4 Rb8 14. Bd2 Be6 15. Qc2 a6 16. Bc3 axb5 17. Bxg7 Kxg7 18. b4 bxa4 19. bxc5 Bb3 20. Qb2+ Kg8 21. Nd4 dxc5 22. Nc6 Qe8 23. Qe5 Ne6 24. Nxb8 Qxb8 25. Qxb8 Rxb8 26. e3 c4 27. Rfc1 Nc5 28. Bd5 Rb4 29. Kf1 e6 30. Bf3 Kf8 31. Ke2 Ke7 32. Kd2 Kd6 33. Kc3 Na6 34. Re1 Kc5 35. Rec1 Nc7 36. Kd2 Nb5 37. Be2 a3 38. Ke1 Ra4 39. h4 Kb4 40. Bf1 a2 41. Be2 Na3 0-1

[Event "Belgrade (Women) 45th"]
[Site "Belgrade"]
[Date "2013.03.05"]
[Round "3"]
[White "Drozdova, Dina"]
[Black "Nonkovic, Bogdana"]
[Result "1-0"]
[WhiteElo "2270"]
[BlackElo "2052"]
[PlyCount "51"]
[EventDate "2013.03.03"]
[EventType "tourn"]
[EventRounds "9"]
[EventCountry "SRB"]
[SourceTitle "CBM 153 Extra"]
[Source "ChessBase"]
[SourceDate "2013.04.22"]
[SourceVersion "1"]
[SourceVersionDate "2013.04.22"]
[SourceQuality "1"]

1. e4 d6 2. d4 Nf6 3. f3 e5 4. d5 h5 5. Be3 Be7 6. c4 c6 7. Nc3 0-0 8. g3 Nh7 9. Qd2 Bg5 10. f4 exf4 11. gxf4 Bh4+ 12. Kd1 cxd5 13. cxd5 b6 14. Kc2 Na6 15. Bxa6 Bxa6 16. Nf3 Bf6 17. e5 Be7 18. Rad1 Qc8 19. Nd4 Re8 20. Kb1 dxe5 21. fxe5 Bc5 22. Bf4 Nf8 23. Rhg1 Ng6 24. e6 Nxf4 25. Qxf4 fxe6 26. Rxg7+ 1-0

[Event "Belgrade (Women) 45th"]
[Site "Belgrade"]
[Date "2013.03.05"]
[Round "4"]
[White "Nonkovic, Bogdana"]
[Black "Miladinovic, Lena"]
[Result "1/2-1/2"]
[WhiteElo "2052"]
[BlackElo "2116"]
[PlyCount "54"]
[EventDate "2013.03.03"]
[EventType "tourn"]
[EventRounds "9"]
[EventCountry "SRB"]
[SourceTitle "CBM 153 Extra"]
[Source "ChessBase"]
[SourceDate "2013.04.22"]
[SourceVersion "1"]
[SourceVersionDate "2013.04.22"]
[SourceQuality "1"]

1. Nf3 c5 2. c4 Nf6 3. g3 b6 4. Bg2 Bb7 5. 0-0 e6 6. Nc3 a6 7. Re1 d6 8. e4 Be7 9. d4 cxd4 10. Nxd4 Qc7 11. Be3 0-0 12. Rc1 Nbd7 13. Nd5 exd5 14. cxd5 Qb8 15. Nc6 Bxc6 16. dxc6 Nc5 17. c7 Qa7 18. b4 Ncd7 19. Qc2 Rac8 20. Bh3 h5 21. f4 Ng4 22. Bxg4 hxg4 23. Qc6 Nc5 24. bxc5 dxc5 25. Qd7 Qxc7 26. Qxg4 Rfd8 27. e5 c4 1/2-1/2

[Event "Belgrade (Women) 45th"]
[Site "Belgrade"]
[Date "2013.03.04"]
[Round "2"]
[White "Nonkovic, Bogdana"]
[Black "Voiska, Margarita"]
[Result "0-1"]
[WhiteElo "2052"]
[BlackElo "2289"]
[PlyCount "158"]
[EventDate "2013.03.03"]
[EventType "tourn"]
[EventRounds "9"]
[EventCountry "SRB"]
[SourceTitle "CBM 153 Extra"]
[Source "ChessBase"]
[SourceDate "2013.04.22"]
[SourceVersion "1"]
[SourceVersionDate "2013.04.22"]
[SourceQuality "1"]

1. d4 d5 2. c4 c6 3. Nf3 e6 4. Qc2 Bb4+ 5. Bd2 Bd6 6. g3 Nf6 7. Bg2 0-0 8. 0-0 Ne4 9. b3 Nd7 10. Bc3 f5 11. Nbd2 Nxc3 12. Qxc3 Qf6 13. Rac1 Qh6 14. Ne1 f4 15. e4 fxg3 16. hxg3 Nf6 17. e5 Ng4 18. Nef3 Be7 19. Rfd1 Bd7 20. Nf1 Be8 21. N1h2 Bh5 22. Re1 Ba3 23. Rc2 a5 24. Nxg4 Bxg4 25. Qe3 Qg6 26. Rce2 Qh5 27. Nh2 Bxe2 28. Rxe2 a4 29. Re1 axb3 30. Qxb3 Qf7 31. Rf1 b5 32. cxd5 cxd5 33. Qxb5 Rfb8 34. Qd3 Rb2 35. Nf3 Be7 36. Qc3 Rbxa2 37. Qc6 R2a6 38. Qb7 Bd8 39. Qb5 Rb6 40. Qd3 Rab8 41. Qc2 h6 42. Nh2 Rb2 43. Qc6 R8b6 44. Qa8 Qc7 45. Nf3 Kh7 46. Qa4 Qc6 47. Qa3 Kg8 48. Qe3 Qe8 49. Qf4 Qf7 50. Qc1 Qf5 51. Qc8 Rb8 52. Qd7 Qf7 53. Qc6 R2b6 54. Qc2 Rb3 55. Nh2 Ba5 56. Bh3 Bc3 57. Qd3 Bb2 58. Qa6 R3b6 59. Qd3 Qe8 60. Rd1 Rb3 61. Qe2 Qg6 62. Bg4 R3b4 63. Bh5 Qg5 64. Bg4 Qg6 65. Bh5 Qe4 66. Qa6 R4b6 67. Qa7 Qf5 68. Bg4 Qf7 69. Qa5 h5 70. Bh3 h4 71. Qd2 hxg3 72. fxg3 Rb3 73. Qf2 Qxf2+ 74. Kxf2 Kf7 75. Nf3 Rc3 76. Ng5+ Ke7 77. Nxe6 Rc2+ 78. Kf3 Rb3+ 79. Kf4 Rf2+ 0-1

[Event "Belgrade (Women) 45th"]
[Site "Belgrade"]
[Date "2013.03.03"]
[Round "1"]
[White "Nonkovic, Bogdana"]
[Black "Vega Gutierrez, Belinda Vidina"]
[Result "1/2-1/2"]
[WhiteElo "2052"]
[BlackElo "2190"]
[PlyCount "95"]
[EventDate "2013.03.03"]
[EventType "tourn"]
[EventRounds "9"]
[EventCountry "SRB"]
[SourceTitle "CBM 153 Extra"]
[Source "ChessBase"]
[SourceDate "2013.04.22"]
[SourceVersion "1"]
[SourceVersionDate "2013.04.22"]
[SourceQuality "1"]

1. d4 Nf6 2. c4 e6 3. Nf3 Bb4+ 4. Bd2 c5 5. Bxb4 cxb4 6. g3 0-0 7. Bg2 d6 8. 0-0 Qc7 9. Qd3 e5 10. Nbd2 Re8 11. e4 Bg4 12. h3 Bxf3 13. Nxf3 Nc6 14. b3 a5 15. Rac1 a4 16. c5 axb3 17. axb3 dxc5 18. dxc5 Red8 19. Qc4 Ra5 20. Ra1 Rda8 21. Rxa5 Rxa5 22. Ne1 Nd4 23. Nd3 Nd7 24. Qxb4 Rb5 25. Qa4 Rxb3 26. Nxe5 Qxe5 27. Qxd7 Ne2+ 28. Kh2 Qxc5 29. Qd8+ Qf8 30. Qc7 Nd4 31. Rd1 Ne6 32. Qc2 Rb6 33. e5 g6 34. Rd7 Qb8 35. Qc3 Kg7 36. Qf3 Nd8 37. Qd3 Ne6 38. Qf3 Nd8 39. Qd1 Ne6 40. Qf3 Nd8 41. Qd5 Ne6 42. f4 Qc8 43. Rxb7 Rxb7 44. Qxb7 Qc2 45. Qe4 Qd2 46. h4 Qf2 47. Qf3 Qc2 48. Qe4 1/2-1/2